000 00400nam a2200121Ia 4500
003 GCL
008 140319s9999 xx 000 0 ara d
040 _aGCL /
_cGCL
082 0 4 _a070.96202
_bا ف
245 1 0 _aفجر الصحافة فى مصر: دراسة فى اعلام الحملة الفرنسية
260 _a[S.N] :
_bالهيئة المصرية العامة للكتاب ،
_c1975
490 _a
999 _c59146
_d59146